| 000 | 00921nam a2200289 a 4500 | ||
|---|---|---|---|
| 001 | 000044366 | ||
| 003 | DO-SdBNP | ||
| 005 | 20230502102757.0 | ||
| 007 | 000044366 | ||
| 008 | 140612s2010 dr a 000 0 spa d | ||
| 020 | _a9993484105 | ||
| 040 |
_aBPMSU _bspa _cBPMSU |
||
| 082 | 4 |
_aRD863.44 _bL937c 2010 _222 |
|
| 100 | 1 | _aLuciano, Margarita | |
| 245 | 1 | 3 |
_aEl carrito trepador / _cMargarita Luciano; ilustraciones Kilia Llano. |
| 260 |
_aSanto Domingo : _bSantillana, _c2010 |
||
| 300 |
_a40 p. : _bils. ; _c19 cm. |
||
| 490 | 0 | _aAlfaguara infantil | |
| 500 | _aPara niños a partir de los seis (6) años. | ||
| 500 | _aIncluye datos biográficos de la autora en la contracubierta | ||
| 590 | _6Inventariado, 2023/VM | ||
| 650 | 4 | _aCuentos infantiles dominicanos | |
| 650 | 4 | _aLiteratura infantil cominicana | |
| 700 | 1 |
_aLlano, Kilia _eils. |
|
| 910 | _aVMateo V. Control de calidad (BPMSU) | ||
| 942 |
_2ddc _cBK |
||
| 999 |
_c7255 _d7255 |
||